İstanbul En Büyük İlçeler - Statistics

General Stats
  • This quiz has been taken 228 times
  • The average score is 6 of 10
Answer Stats
İlçe Nüfus % Correct
Avrupa Esenyurt
75%
Asya Pendik
72%
Asya Üsküdar
68%
Asya Ümraniye
67%
Avrupa Bağcılar
64%
Avrupa Başakşehir
56%
Avrupa Küçükçekmece
56%
Asya Maltepe
52%
Avrupa Sultangazi
38%
Avrupa Bahçelievler
37%
No matching quizzes found
Score Distribution
Percent of People with Each Score
Percentile by Number Answered
Your Score History
You have not taken this quiz